000 00796nam a2200229 i 4500
001 34819
003 ES-MaACL
005 20250904060218.0
007 t|
008 030211s1978 sp |||| | spa d
100 1 _aBonner, William A.
_930255
245 1 0 _aQuímica orgánica básica /
_cpor William A. Bonner, Albert J. Castro ; [traducción, R. Pérez Álvarez-Osorio y F. Fernández González].
250 _a3ª ed., 2ª reimp.
260 _aMadrid, etc. :
_bAlhambra,
_c1978.
300 _aXV, 599 p. :
_bil. ;
_c24 cm.
650 7 _aQuímica orgánica
_2embne
_9136799
700 1 _aCastro, Albert J.
_936825
700 1 _aPérez Álvarez-Osorio, Rafael.
_990638
700 1 _aFernández González, Franco.
_949828
852 _aES-MaACL
_jA-9432
999 _c34819
_d34819